| 000 | 00915nam a2200217Ia 4500 | ||
|---|---|---|---|
| 999 |
_c40240 _d40240 |
||
| 001 | 6848 | ||
| 003 | GE_BSU | ||
| 005 | 20200123153024.0 | ||
| 008 | 181216s1980||||ge |||||||||||||| ||geo|| | ||
| 040 | _cGE_BSU | ||
| 041 | _ageo | ||
| 080 | _a821.353.1-32 გ-62 | ||
| 100 |
_aგოთუა, ლევან. _92050 |
||
| 245 |
_aთხზულებათა კრებული ექვს ტომად : _bმოთხრობები. ტომი 4 / _cლევან გოთუა ; რედ. ნანა კანდელაკი. |
||
| 264 |
_aთბილისი : _bსაბჭ.საქართველო, _c1980. |
||
| 300 |
_a440 გვ.; _c22 სმ. |
||
| 653 | _aთხზულებათა კრებული | ||
| 653 | _aმოთხრობები | ||
| 700 |
_aკანდელაკი, ნანა _eრედაქტორი _96344 |
||
| 942 |
_cBK _2udc |
||